000 00581nam a2200193 u 4500
005 20240228063945.0
008 080723s2005 r 000 0 eng d
020 _a9568377042
035 _aUPN01000157946
049 _aI
050 4 _aPZ71
_bM8.9
100 1 _aMuñoz Chereau, Bernardita,
_d1975-
_933746
245 1 3 _aLa que viene los domingos /
_cBernardita Muñoz Chereau.
260 _aSantiago de Chile :
_bReCrea,
_c2005.
300 _a16 p. :
_bprincipalmente il. col.
440 0 _aCuenta y recrea
650 4 _aLibros y lectura para niños
_92290
905 _aInfantil
999 _c130060
_d130060